Foundations of Computing: From Hardware Essentials to Web Design (Record no. 38175)

MARC details
000 -LEADER
fixed length control field 00757nam a22001937a 4500
020 ## - INTERNATIONAL STANDARD BOOK NUMBER
ISBN 978-9334190939
100 ## - MAIN ENTRY--AUTHOR NAME
Personal name Vijitha Robinson
100 ## - MAIN ENTRY--AUTHOR NAME
Personal name Prathibha S Nair
100 ## - MAIN ENTRY--AUTHOR NAME
Personal name Kailas Sree Chandran
245 ## - TITLE STATEMENT
Title Foundations of Computing: From Hardware Essentials to Web Design
250 ## - EDITION STATEMENT
Edition statement 1
260 ## - PUBLICATION, DISTRIBUTION, ETC. (IMPRINT)
Name of publisher Sourabhya Technical Publications
Place of publication Trivandrum
Year of publication 2025
300 ## - PHYSICAL DESCRIPTION
Number of Pages Print length ‏ : ‎ 352 pages
Other physical details Item Weight ‏ : ‎ 250 g Dimensions ‏ : ‎ 20.98 x 17 x 2 cm
520 ## - SUMMARY, ETC.
Summary, etc Textbook for the subject Foundations of Computing: From Hardware Essentials to Web Design, GXEST203, Semester 2 B.Tech KTU 2024 Scheme.
546 ## - LANGUAGE NOTE
Language note Language ‏ : ‎ English
650 ## - SUBJECT ADDED ENTRY--TOPICAL TERM
Topical Term CSE
942 ## - ADDED ENTRY ELEMENTS (KOHA)
Koha item type Text Book
952 ## - LOCATION AND ITEM INFORMATION (KOHA)
Damaged status
Not for loan
952 ## - LOCATION AND ITEM INFORMATION (KOHA)
Damaged status
Not for loan
952 ## - LOCATION AND ITEM INFORMATION (KOHA)
Damaged status
Not for loan
Holdings
Withdrawn status Collection code Permanent Location Current Location Shelving location Date acquired Source of acquisition Cost, normal purchase price Inventory number Full call number Accession Number Price effective from Koha item type
  Computer Science and Engineering VAST Central Library VAST Central Library S-1/CS 10/01/2026 Cosmo Books 300.00 K797 004 VIJ 38354 03/02/2026 Text Book
  Computer Science and Engineering VAST Central Library VAST Central Library S-1/CS 10/01/2026 Cosmo Books 300.00 K797 004 VIJ 38355 03/02/2026 Text Book
  Computer Science and Engineering VAST Central Library VAST Central Library S-1/CS 10/01/2026 Cosmo Books 300.00 K797 004 VIJ 38356 03/02/2026 Text Book